Largest U.S. Cities Without the Letter I - Statistics

General Stats
  • This quiz has been taken 35 times
    21 since last reset
  • The average score is 39 of 50
Answer Stats
Population Answer State % Correct
383,793 Cleveland OH
100%
892,533 Columbus OH
100%
1,345,047 Dallas TX
100%
2,325,502 Houston TX
100%
3,990,456 Los Angeles CA
100%
508,529 Sacramento CA
100%
560,218 Albuquerque NM
94%
498,044 Atlanta GA
94%
716,492 Denver CO
94%
391,006 New Orleans LA
94%
653,115 Portland OR
94%
1,030,119 San Jose CA
94%
744,955 Seattle WA
94%
392,890 Tampa FL
94%
545,975 Tucson AZ
94%
291,538 Anchorage AK
89%
694,583 Boston MA
89%
872,498 Charlotte NC
89%
682,699 El Paso TX
89%
895,008 Fort Worth TX
89%
347,397 Honolulu HI
89%
644,644 Las Vegas NV
89%
508,958 Mesa AZ
89%
468,262 Omaha NE
89%
256,304 Buffalo NY
83%
294,722 Greensboro NC
83%
285,713 Orlando FL
83%
250,998 Reno NV
83%
400,669 Tulsa OK
83%
530,093 Fresno CA
78%
429,082 Oakland CA
78%
282,090 Newark NJ
72%
274,975 Toledo OH
72%
374,114 Aurora CO
67%
267,633 Fort Wayne IN
67%
310,390 Henderson NV
67%
332,725 Santa Ana CA
67%
244,076 Norfolk VA
61%
245,949 North Las Vegas NV
61%
257,165 Chandler AZ
56%
274,291 Durham NC
56%
250,702 Glendale AZ
56%
261,639 Laredo TX
56%
467,354 Long Beach CA
56%
288,061 Plano TX
56%
311,178 Stockton CA
56%
242,634 Chesapeake VA
44%
255,885 Lubbock TX
44%
255,310 Scottsdale AZ
44%
242,507 Garland TX
39%
No matching quizzes found
Score Distribution
Percent of People with Each Score
Percentile by Number Answered
Your Score History
You have not taken this quiz since the last reset